College Hockey Frozen Fours - Statistics

General Stats
  • This quiz has been taken 360 times
    159 since last reset
  • The average score is 233 of 308
Answer Stats
Hint Champion % Correct
1948 | 1951 | 1952 | +15 others Michigan
99%
1949 | 2000 | 2001 | +9 others Boston College
95%
1966 | 1986 | 2001 | 2007 Michigan State
95%
1974 | 1976 | 1979 | +7 others Minnesota
95%
1989 | 2017 Harvard
87%
2018 Ohio State
87%
2025 Penn State
86%
2013 Yale
86%
1971 | 1972 | 1978 | +6 others Boston University
85%
2025 Western Michigan
85%
1973 | 1977 | 1981 | +4 others Wisconsin
85%
1958 | 1960 | 1961 | +10 others Denver
84%
2019 | 2021 Massachusetts
82%
1959 | 1963 | 1980 | +13 others North Dakota
81%
2004 | 2011 | 2017 | +3 others Minnesota Duluth
76%
1993 | 1999 | 2000 | +4 others Maine
73%
2008 | 2011 | 2017 | 2018 Notre Dame
73%
2013 | 2016 | 2023 Quinnipiac
69%
Dartmouth
66%
2002 | 2003 New Hampshire
65%
1967 | 1970 | 2003 Cornell
63%
2015 | 2019 Providence
60%
2009 Vermont
59%
2013 UMass Lowell
58%
2021 | 2022 Minnesota State
57%
Brown
56%
1991 Northern Michigan
55%
1950 | 1957 | 2005 Colorado College
53%
2009 | 2010 Miami
52%
Michigan Tech
52%
Northeastern
51%
2013 | 2021 St. Cloud State
48%
2012 | 2014 Union
48%
Colgate
43%
1988 | 1992 | 1994 Lake Superior State
43%
1984 Bowling Green
41%
2015 Nebraska Omaha
38%
2009 Bemidji State
37%
2012 Ferris State
36%
1954 | 1985 RPI
34%
2010 RIT
33%
Clarkson
32%
2000 St. Lawrence
25%
No matching quizzes found
Score Distribution
Percent of People with Each Score
Percentile by Number Answered
Your Score History
You have not taken this quiz since the last reset